[Event "ISR-chT U18"]
[Site "Beer Yaakov"]
[Date "2022.08.14"]
[Round "2.1"]
[White "Zemach, Nadav"]
[Black "Shapira, Gal"]
[Result "1-0"]
[WhiteElo "2293"]
[BlackElo "2020"]
[PlyCount "57"]
[EventDate "2022.08.14"]
[EventType "team-swiss"]
[EventRounds "7"]
[EventCountry "ISR"]
[SourceTitle "CBM 209 Extra"]
[Source "ChessBase"]
[SourceDate "2022.09.30"]
[SourceVersion "1"]
[SourceVersionDate "2022.09.30"]
[SourceQuality "1"]

1. d4 d5 2. c4 e6 3. Nf3 Nf6 4. g3 Be7 5. Bg2 0-0 6. 0-0 b6 7. cxd5 exd5 8. Nc3 Bf5 9. Ne5 Ne4 10. Qb3 Nxc3 11. Qxc3 Bf6 12. Bf4 Re8 13. Rfd1 g5 14. Be3 Qd6 15. Rac1 Na6 16. Qd2 Bxe5 17. dxe5 Qxe5 18. Qxd5 Be4 19. Bxe4 Qxe4 20. Qxg5+ Qg6 21. Qh4 c5 22. Rd5 Kh8 23. Bd2 Re4 24. Bc3+ Kg8 25. Rd8+ Re8 26. Rxa8 Rxa8 27. Rd1 h6 28. Rd8+ Rxd8 29. Qxd8+ 1-0